000 00336nam a22001577a 4500
003 SGT
020 _a978-0-323-05355-6
082 _a617.51
_bH11S
100 _aSOM, PETER M.
245 _aHEAD AND NECK IMAGING
250 _a5TH
260 _aNEW YORK
_bELSEVIER
_c2011
300 _a1613, 2947
650 _aENT
942 _2ddc
_cBK
999 _c19622
_d19622